000 00388nam a22001457a 4500
999 _c10057
_d10057
003 GBCCL
005 20241126110724.0
008 240219b ||||| |||| 00| 0 eng d
040 _cgbc
082 _aSOU KHR
_b2022
245 _aKhrist a zungkai saptuam :
_bEBCC Bungmual diamond jubilee 1947-2022 souvenir
260 _aBungmual :
_bTBUC
_c2023
300 _a220P. ;
942 _2ddc
_cARCH